Miʻmārān-i Pākistān : jin ke fikrī aur ʻamlī kāvishoṉ se Pākistān maʻraz̤-i vujūd meṉ āyā /
Historical study of the Pakistan movement; includes biographical sketches of prominent Muslim leaders of the movement.
Saved in:
| Main Author: | |
|---|---|
| Format: | Book |
| Language: | Urdu |
| Published: |
Lāhaur :
Shaiḵẖ Ikaiḍamī,
1976.
|
| Subjects: | |
| Tags: |
Add Tag
No Tags, Be the first to tag this record!
|
| LEADER | 01275nam a22003137a 4500 | ||
|---|---|---|---|
| 001 | 002425490-8 | ||
| 005 | 20020606093309.7 | ||
| 008 | 900418s1976 pk 00010 urd | ||
| 010 | |a 78930103 | ||
| 035 | 0 | |a ocm21482344 | |
| 040 | |a DLC |c DLC |d CRL | ||
| 043 | |a a-ii--- | ||
| 050 | 4 | |a DS480.45 |b .A23 1976 | |
| 100 | 0 | |a ʻAbdurraḥmān Ḵẖān, |d 1913- | |
| 245 | 1 | 0 | |a Miʻmārān-i Pākistān : |b jin ke fikrī aur ʻamlī kāvishoṉ se Pākistān maʻraz̤-i vujūd meṉ āyā / |c az Munshī ʻAbdurraḥmān Ḵẖān. |
| 260 | 0 | |a Lāhaur : |b Shaiḵẖ Ikaiḍamī, |c 1976. | |
| 300 | |a 467 p. ; |c 22 cm. | ||
| 504 | |a Includes bibliographical references (pages 463-467). | ||
| 520 | |a Historical study of the Pakistan movement; includes biographical sketches of prominent Muslim leaders of the movement. | ||
| 650 | 0 | |a Pakistan movement. | |
| 650 | 0 | |a Muslims |z India |x Biography. | |
| 650 | 0 | |a Pakistan movement |x History. | |
| 650 | 0 | |a Pakistan movement |v Biography. | |
| 650 | 0 | |a Muslims |x Political activity |z India. | |
| 655 | 7 | |a Biography. |2 fast | |
| 655 | 7 | |a History. |2 fast | |
| 776 | 0 | 8 | |i Online version: |a ʻAbdurraḥmān Ḵẖān, 1913- |t Miʻmārān-i Pākistān. |d Lāhaur : Shaiḵẖ Ikaiḍamī, 1976 |w (OCoLC)551355348 |
| 988 | |a 20020608 | ||
| 906 | |0 DLC | ||


